| 000 | 02563nam a22005417a 4500 | ||
|---|---|---|---|
| 003 | CHAP | ||
| 005 | 20220817043044.0 | ||
| 008 | 971010s1971 r 10010 d | ||
| 010 | _a64180 | ||
| 011 | _a65152 | ||
| 035 | _a71405 | ||
| 040 | _cCHAP | ||
| 082 |
_a631.4063 _bC7 1971 |
||
| 111 | 0 | 0 |
_aCongreso Nacional de la Ciencia del Suelo ( _d5 _d: 1971 _c: Guadalajara, Jal.) _927045 |
| 245 | _aMemoria | ||
| 260 |
_aMéxico : _bLa Sociedad, _c1971 |
||
| 300 |
_a2 v. _b: ilus. |
||
| 590 |
_aBATCH-UPD _b10 _c20130110 _lUCH01 _h1523 |
||
| 590 |
_aBATCH-UPD _b10 _c20130410 _lUCH01 _h0934 |
||
| 590 |
_aBATCH-UPD _b10 _c20130914 _lUCH01 _h1953 |
||
| 590 |
_aCONVERSION _b10 _c20130109 _lUCH01 _h1335 |
||
| 650 | 1 | 4 |
_aSuelos _xCongresos. _9110281 |
| 650 | 1 | 4 |
_aSuelos _xCongresos _xMéxico. _9110282 |
| 710 | 0 | _aSociedad Mexicana de la Ciencia del Suelo. | |
| 901 | _aBK | ||
| 942 | _cLIBRO | ||
| 949 |
_a631.4063 C7 1971 _bBC _cCONG _d-144579 _eCONG _fv.1 c.2 _h38317 _i71405 _si |
||
| 949 |
_a631.4063 C7 1971 _bBC _cCONG _d-144580 _eCONG _fv.2 c.2 _h38318 _i71405 _si |
||
| 949 |
_a631.4063 C7 1971 _bBC _cMUT _d-144577 _eMUT _fv.1 _h38315 _i71405 _si |
||
| 949 |
_a631.4063 C7 1971 _bBC _cMUT _d-144578 _eMUT _fv.2 _h38316 _i71405 _si |
||
| 949 |
_a631.4063 C7 1971 _bS _cLIBRO _d-4026 _eLIBRO _fv.1 _h2535 _i71405 _si |
||
| 949 |
_a631.4063 C7 1971 _bS _cLIBRO _d-53352 _eLIBRO _fv.1 c.2 _h2536 _i71405 _si |
||
| 949 |
_a631.4063 C7 1971 _bS _cLIBRO _d-53353 _eLIBRO _fv.1 c.3 _h2537 _i71405 _si |
||
| 949 |
_a631.4063 C7 1971 _bS _cLIBRO _d-53354 _eLIBRO _fv.1 c.4 _h2538 _i71405 _si |
||
| 949 |
_a631.4063 C7 1971 _bS _cLIBRO _d-53355 _eLIBRO _fv.1 c.5 _h2539 _i71405 _si |
||
| 949 |
_a631.4063 C7 1971 _bS _cLIBRO _d-53356 _eLIBRO _fv.1 c.6 _i71405 _si |
||
| 949 |
_a631.4063 C7 1971 _bS _cLIBRO _d-53358 _eLIBRO _fv.2 _h2540 _i71405 _si |
||
| 949 |
_a631.4063 C7 1971 _bS _cLIBRO _d-53360 _eLIBRO _fv.2 c.2 _h2541 _i71405 _si |
||
| 949 |
_a631.4063 C7 1971 _bS _cLIBRO _d-53361 _eLIBRO _fv.2 c.3 _h2542 _i71405 _si |
||
| 949 |
_a631.4063 C7 1971 _bS _cLIBRO _d-53362 _eLIBRO _fv.2 c.4 _h2543 _i71405 _si |
||
| 949 |
_a631.4063 C7 1971 _bS _cLIBRO _d-53365 _eLIBRO _fv.2 c.5 _h2544 _i71405 _si |
||
| 949 |
_a631.4063 C7 1971 _bS _cLIBRO _d-53367 _eLIBRO _fv.3 _i71405 _si |
||
| 949 |
_a631.4063 C7 1971 _bS _cLIBRO _d-53371 _eLIBRO _fv.3 c.2 _i71405 _si |
||
| 949 |
_a631.4063 C7 1971 _bS _cLIBRO _d-53372 _eLIBRO _fv.3 c.3 _i71405 _si |
||
| 949 |
_a631.4063 C7 1971 _bS _cLIBRO _d-53373 _eLIBRO _fv.3 c.4 _i71405 _si |
||
| 949 |
_a631.4063 C7 1971 _bS _cLIBRO _d-53374 _eLIBRO _fv.3 c.5 _i71405 _si |
||
| 949 |
_a631.4063 C7 1971 _bS _cLIBRO _d-53375 _eLIBRO _fv.3 c.6 _i71405 _si |
||
| 999 |
_c64180 _d64180 |
||